|
|
|
|
| LEADER |
01440nam a2200361 a 4500 |
| 001 |
AAL 6078 |
| 003 |
BD-DhAAL |
| 005 |
20160209174006.0 |
| 008 |
150208s1994 caua b 001 0 eng |
| 010 |
|
|
|a 93008512
|
| 020 |
|
|
|a 1565101014
|
| 020 |
|
|
|a 1565101006 (pbk.)
|
| 040 |
|
|
|a DLC
|c DLC
|d DLC
|d BD-DhAAL
|
| 050 |
0 |
0 |
|a E184.A1
|b C87 1994
|
| 082 |
0 |
0 |
|a 306/.0973
|2 20
|
| 999 |
|
|
|c 33607
|d 33607
|
| 999 |
|
|
|c 33607
|
| 245 |
0 |
0 |
|a Culture wars :
|b opposing viewpoints /
|c Fred Whitehead, book editor.
|
| 260 |
|
|
|a San Diego, CA :
|b Greenhaven Press,
|c c1994.
|
| 300 |
|
|
|a 216 p. :
|b ill. ;
|c 22 cm.
|
| 490 |
1 |
|
|a Opposing viewpoints series
|
| 504 |
|
|
|a Includes bibliographical references and index.
|
| 520 |
|
|
|a Presents opposing viewpoints on issues related to cultural diversity, American education, cultural values, and the decay of American culture.
|
| 541 |
|
|
|e 6078
|
| 650 |
|
0 |
|a Cultural pluralism
|z United States.
|9 8018
|
| 650 |
|
0 |
|a Multiculturalism
|z United States.
|9 8054
|
| 650 |
|
0 |
|a Culture conflict
|z United States.
|9 8055
|
| 650 |
|
1 |
|a Multiculturalism.
|9 8056
|
| 651 |
|
0 |
|a United States
|x Civilization.
|9 8057
|
| 700 |
1 |
|
|a Whitehead, Fred.
|9 8058
|
| 830 |
|
0 |
|a Opposing viewpoints series (Unnumbered)
|9 8059
|
| 942 |
|
|
|2 ddc
|c BK
|
| 952 |
|
|
|0 0
|1 0
|2 ddc
|4 0
|6 306_097300000000000_CUL
|7 0
|9 52493
|a SCL
|b SCL
|c GEN
|d 2015-02-08
|e Gift: The Asia Foundation
|l 2
|m 1
|o 306.0973 CUL
|p 3020006078
|r 2025-12-28
|s 2025-12-08
|t 1
|w 2015-02-08
|y BK
|